[Event "ARG-World"]
[Site "Buenos Aires"]
[Date "1994.??.??"]
[Round "2"]
[White "Renet, Olivier"]
[Black "Scarella, Enrique Alejandro"]
[Result "1-0"]
[WhiteElo "2485"]
[BlackElo "2405"]
[Annotator "Boensch,U"]
[PlyCount "69"]
[EventDate "1994.04.??"]
[EventType "schev"]
[EventRounds "10"]
[EventCountry "ARG"]
[SourceTitle "CBM 042"]
[Source "ChessBase"]
[SourceDate "1994.10.01"]
[SourceVersion "1"]
[SourceVersionDate "1994.10.01"]
[SourceQuality "1"]

1. e4 c5 2. Nf3 d6 3. d4 cxd4 4. Nxd4 Nf6 5. Nc3 Nc6 6. Bg5 Bd7 7. Qd2 Rc8 (
7... Nxd4 8. Qxd4 h6 9. Bxf6 gxf6 10. O-O-O Qa5 11. Kb1 Rc8 12. f4 Qc5 13. Qd2
f5 14. exf5 Bxf5 15. Bb5+ $14 {Haba,P-Kaspret,G/Oberwart op (7)/1992/1-0 (26)})
8. f4 h6 9. Bxf6 gxf6 10. O-O-O (10. Nf5 Qa5 11. Bd3 Nb4 12. O-O Nxd3 13. Qxd3
Qc5+ 14. Kh1 e6 $10 {Ivanchuk,V-Salov,V/Reykjavik WCup (07)/1991/1-0 (50)})
10... Nxd4 11. Qxd4 Qa5 12. Kb1 Qc5 13. Qd3 e6 14. Be2 Rg8 $2 (14... Bc6 $14) (
14... Rc6 $6 15. f5 Kd8 16. Bh5 Be8 17. e5 Qxe5 18. Bf3 Qxf5 (18... d5 $5) 19.
Qxf5 exf5 20. Bxc6 bxc6 21. Rhf1 $16 {Svidler,P-Obodchuk,A/Groningen op (10)/
1993/1-0 (47)}) 15. e5 $1 f5 (15... fxe5 16. Ne4 $18) (15... d5 16. Ne4 $18)
16. Bf3 d5 17. Bxd5 $1 $18 Rc7 (17... exd5 18. Nxd5 Be7 19. Nf6+ Bxf6 20. Qxd7+
Kf8 21. exf6 Qxc2+ 22. Ka1 $18) 18. Bf3 Be7 19. g4 fxg4 20. Qh7 Rf8 21. Bxg4
Bc6 22. Rhf1 Qb6 23. Bf3 Ba3 24. Bxc6+ Rxc6 25. Na4 Qb5 26. Rf3 Be7 (26... Qxa4
27. Rxa3 Qxf4 28. Qd3 $18) 27. Nc3 Qc4 28. b3 Qa6 29. Rfd3 b5 30. Qe4 Rg8 31.
Qh7 Rf8 (31... Rg6 32. Qh8+ Bf8 33. Rd8+ $18) 32. Qg7 Qc8 33. Ne4 Rxc2 34. Nf6+
Bxf6 35. Qxf6 1-0

[Event "Cebu"]
[Site "Cebu"]
[Date "1992.??.??"]
[Round "3"]
[White "Rodriguez, Ruben"]
[Black "Antonio, Rogelio Jr"]
[Result "1-0"]
[WhiteElo "2415"]
[BlackElo "2500"]
[Annotator "Boensch,U"]
[PlyCount "33"]
[EventDate "1992.05.??"]
[EventType "tourn"]
[EventRounds "9"]
[EventCountry "PHI"]
[EventCategory "10"]
[SourceTitle "CBM 031"]
[Source "ChessBase"]
[SourceDate "1992.12.01"]
[SourceVersion "1"]
[SourceVersionDate "1992.12.01"]
[SourceQuality "1"]

1. e4 c5 2. Nf3 Nc6 3. d4 cxd4 4. Nxd4 Nf6 5. Nc3 d6 6. Bg5 Bd7 7. Qd2 Rc8 8.
O-O-O Nxd4 9. Qxd4 Qa5 10. Bd2 Qe5 $2 $146 (10... a6 11. Kb1 Qc5 12. Qxc5 Rxc5
13. f3 Rc8 14. Be3 Bc6 15. g4 h6 16. h4 g6 17. Bh3 Bg7 18. Bd4 g5 19. Nd5 Bxd5
20. exd5 $14 {Mokry,K-Epishin,V Brno (9) 1991 1/2 48}) (10... e6) (10... g6) (
10... e5) 11. Qxa7 Nxe4 12. Qxb7 Nxd2 13. Bb5 $1 $16 Rd8 14. Nd5 f6 (14... e6
15. Bxd7+ Rxd7 16. Qc8+ Rd8 17. Qc6+ Rd7 18. Nb6 $18) 15. Rhe1 Qf5 (15... Nb3+
16. axb3 Qg5+ 17. f4 $18) 16. Rxd2 Bxb5 $2 (16... e5 $16) 17. Rxe7+ {Boensch}
1-0

[Event "Stepanakert-A"]
[Site "Stepanakert"]
[Date "2005.10.08"]
[Round "6"]
[White "Asrian, Karen"]
[Black "Dreev, Alexey"]
[Result "1/2-1/2"]
[WhiteElo "2645"]
[BlackElo "2694"]
[Annotator "Erenburg,S"]
[PlyCount "54"]
[EventDate "2005.10.02"]
[EventType "tourn"]
[EventRounds "9"]
[EventCountry "ARM"]
[EventCategory "17"]
[SourceTitle "CBM 110"]
[Source "ChessBase"]
[SourceDate "2006.01.31"]
[SourceVersion "1"]
[SourceVersionDate "2006.01.31"]
[SourceQuality "1"]

{[%mdl 128]} 1. e4 c5 2. Nf3 d6 3. d4 Nf6 4. Nc3 cxd4 5. Nxd4 Nc6 6. Bg5 Bd7 {
The quite rare Averbakh variation.} 7. Qd2 {Karen has chosen the most popular
response.} (7. Be2 Qa5 8. Bxf6 {Forced.} gxf6 9. Nb3 Qg5 10. g3 (10. Nd5 O-O-O
11. O-O Rg8 12. g3 f5 13. f4 Qg7 {with very sharp and mutual play, but Black
is doing well here.}) 10... f5 (10... h5 11. f4 Qg6 12. Qd2 O-O-O 13. O-O-O f5
{[%cal Gf8g7] has occured in one of Averbakh's games.}) 11. f4 Qh6 (11... Qg6
12. Bh5 Qe6 13. Nd4 Nxd4 14. Qxd4 Rg8 15. Nd5 Rc8 16. O-O-O {with a big mess.})
12. Qd2 Bg7 $1 $146 {In case of 12...fxe4 13.Nxe4 Bg7 14.c3 White neutralizes
Black's pressure over the big diagonal.} (12... fxe4 13. Nxe4 Bg7 14. c3 {
[%cal Yg7c3]} Qg6 15. Ng5 Bf6 16. h4 h6 17. Bd3 Bf5 18. h5 hxg5 19. hxg6 Rxh1+
20. Bf1 $14 {1/2-1/2 Romanishin,O-Stein,L/Odessa 1972/EXT 2001 (42)}) 13. O-O-O
(13. exf5 Bxf5 14. O-O-O Rc8 15. Nd5 O-O $15 {[%cal Ge7e6]}) 13... fxe4 (13...
O-O 14. e5 $1) (13... O-O-O $5) 14. Nxe4 a5 $1 $15 {0-1 Morozevich,A-Dreev,A/
Moscow 2004/CBM 104/[Tyomkin,D] (36)}) 7... Rc8 8. f4 {White tried also:} (8.
Nb3 {The main line of the variation. 8.f4 or 8.0-0-0 looks much more active.}
a6 9. f3 {As the tournament practice shows, White has more active lines, such
as 9.f4 or 9.Be2.} e6 10. O-O-O Be7 11. Kb1 {Possibly an immediate attack on
the kingside with 11.h4 was stronger.} (11. h4) 11... h6 12. Bxf6 {White
unexpectedly changes his plan, by exchanging on f6 and starts an immediate
offense on the weakened black king by the advance of the f-pawn.} (12. Bf4 Ne5
13. Be3) (12. Be3 $5) 12... gxf6 13. f4 b5 14. Ne2 {[%cal Re2d4]} a5 {[%cal
Ra5a4]} 15. f5 Qb6 {[%cal Rb6e3]} 16. fxe6 fxe6 17. Nbd4 a4 {[%cal Ra4a3]} 18.
Nxc6 Rxc6 19. Nf4 a3 20. Ng6 Rg8 21. Nxe7 Kxe7 22. Qxh6 Qc5 $5 {[%cal Rc5c2,
Rc5b4]} 23. Bd3 Qb4 24. Qc1 axb2 25. Qxb2 Qxb2+ 26. Kxb2 Rxg2 $11 {1/2-1/2
Bologan,V-Dreev,A/Sochi 2005/CBM 107/[Gofshtein,L] (33) Black won the pawn
back and transposed to an equal ending.}) (8. Nxc6 Bxc6 9. f3 a6 10. O-O-O e6
11. Ne2 {Svidler likes to manoeuvre with the knights in the center against the
Sicilian Defence.} Be7 12. h4 Bb5 13. Nd4 Bxf1 14. Rhxf1 h6 (14... O-O 15. Kb1
Qc7 $11) 15. Be3 Nd7 16. h5 (16. g3 Ne5 17. Qe2 (17. b3 Qc7 18. Kb1 O-O $11)
17... Nc4 18. f4 $11) 16... Ne5 17. b3 d5 18. exd5 (18. Ne2 Qc7 19. Bf4 Bf6
$132) 18... Qxd5 19. Kb1 b5 $11 {1-0 Svidler,P-Dreev,A/Moscow 2004/CBM 104/
[Ftacnik] (37)}) (8. O-O-O Nxd4 9. Qxd4 Qa5 10. Bd2 a6 11. Kb1 Qc5 12. Qxc5
Rxc5 13. f3 g6 14. Be3 Rc8 15. Bd4 Bg7 16. Nd5 $14 {1/2-1/2 Dominguez,L-Dreev,
A/Dos Hermanas 2005/CBM 107 (34)}) 8... Nxd4 9. Qxd4 Qa5 10. e5 {The main line
of this variation, which allows White to fight for the initiative. The calmer
10.0-0-0 as it is well known gives Black counterchances after 10...Rxc3} (10.
O-O-O Rxc3 $5 11. bxc3 e5 12. Qb4 Qxb4 13. cxb4 Nxe4 14. Bh4 g5 $44 {1/2-1/2
Tukmakov,V-Ubilava,E/URS 1973/EXT 2001 (25)}) 10... dxe5 11. fxe5 e6 12. O-O-O
Bc6 $1 {Practically a forced move, as the practice has shown that 12...Rxc3 is
not sufficient, for example:} (12... Rxc3 13. Bd2 Qxa2 14. Bxc3 g6 15. b4 $1
Nd5 16. Bc4 Bh6+ 17. Rd2 Qa3+ 18. Bb2 Qxb4 19. Bxd5 Qxd2+ 20. Qxd2 Bxd2+ 21.
Kxd2 exd5 22. e6 $16 {1-0 Beliavsky,A-Ubilava,E/Ordzhonikidze 1978/EXT 2001 
(47)}) 13. Nb5 {The most aggressive and the most principled possibility. Other
ones didn't bring White anything special:} (13. Bc4 Nd7 (13... Bc5 $2 14. Qf4
Nd7 15. Bxe6 $1 fxe6 16. Rhf1 Rf8 17. Qc4 Be7 18. Qxe6 Qc5 (18... Qxe5 19.
Rxf8+ Kxf8 20. Bxe7+ $18) 19. Rxf8+ Kxf8 20. Rf1+ $18 {Dvoirys,S-Poliancev,S
URS 1986}) 14. Rhe1 h6 15. Bd2 Qc5 16. Qf4 g5 17. Qf1 Bg7 18. h4 $2 Nxe5 (18...
Bxe5 19. hxg5 (19. Ne4) 19... hxg5 20. Ne4 Bxe4 21. Rxe4 $44) 19. Bb3 O-O 20.
hxg5 hxg5 21. Qe2 Ng6 $2 (21... g4 $1 22. Rh1 a5 $1 $17) 22. Qh5 $1 $16 {
1-0 Polgar,J-Groszpeter,A/Hungary 1991/CBM 027/[Polgar,J] (34)}) (13. Bb5 Nd5
14. Nxd5 Bxb5 15. Qxa7 Bb4 16. Qxa5 Bxa5 17. b4 exd5 18. bxa5 Bc4 19. a3 Kd7
20. Rhe1 Ke6 21. Kb2 Ra8 22. Bd2 Rhc8 23. Bb4 Bb5 24. Rd4 Rc4 25. Rxc4 Bxc4 26.
Kc3 Rc8 27. Kd2 {1/2-1/2 Yudasin,L-Dolmatov,S/Sverdlovsk 1984/MCL (27)}) 13...
Bxb5 {The only move.} (13... Qxa2 $4 14. Nc7+ $1 {mating.}) (13... Nd5 $2 14.
Qxa7 $18) 14. exf6 Bc6 {moving the light-squared bishop from the f1-a6
diagonal, Black attacks white's dark-squared bishop. Other options are:} (14...
g6 $6 15. Bxb5+ (15. Bd2 Qa4 16. Bxb5+ Qxb5 17. Bc3 $14) 15... Qxb5 16. h4 $36
{1/2-1/2 Inkiov,V-Nikolov,S/Sofia 1982/EXT 99 (41)}) (14... Ba4 $6 {[%csl Rc2]}
15. Bd2 $1 Rxc2+ 16. Kb1 Rxd2 17. Rxd2 gxf6 18. Bd3 $1 Bc6 19. Rhd1 Be7 20. Be4
$16 {1-0 Videki,S-Kostic,V/Hohenems 1998/EXT 99 (58)}) 15. h4 {threatening
with the capture on g7.} g6 {preparing to add the dark-squared bishop to the
game.} (15... Rg8 {allows White to develop a dangerous initiative:} 16. Bc4
gxf6 17. Rhe1 $5 Rg6 (17... fxg5 $2 18. Bxe6 $1 fxe6 19. Qf6 $3 {A decisive
"silent" move!} (19. Rxe6+ $2 Be7 20. Rxe7+ Kxe7 $19 {0-1 Kupreichik,V-Yudasin,
L/Frunze 1981/URS-ch (30)}) 19... Qxe1 $8 20. Rxe1 $16) 18. Bxf6 $5 (18. Bxe6 {
Gofshtein,L} fxe6 19. Rxe6+ Kf7 20. Rxf6+ Kg8 21. Qc4+ Kh8 $13 {1/2-1/2
Tseshkovsky,V-Zaichik,G/Telavi 1982/MCD (26)}) 18... Bc5 19. Qf4 $40) 16. Bc4
Bc5 {attacking White's queen and liberating the eighth rank to castle.} ({
Worse is:} 16... Qc5 $146 17. Qd3 Qf5 (17... b5 18. Bb3 Qf5 19. Bxe6 Qxd3 20.
Bxc8 $16) 18. Qb3 $1 {Because of the threat Be6, White has a decisive advantage
} Rd8 19. Rdf1 Qg4 20. Bxe6 $1 fxe6 (20... Qxe6 21. Re1 Be4 22. Qa4+ b5 23.
Qxb5+ Rd7 24. Qa4 Kd8 25. Rxe4 $18) 21. Rf4 Qe2 22. f7+ Kd7 23. Rd4+ Bd6 24.
Rhd1 Bd5 25. Rxd5 exd5 26. Qxb7+ {1-0 Svidler,P-Sherbakov,R/Krasnoyarsk 2003/
CBM 98/[Gofshtein,L] (26)}) 17. Qe5 (17. Qg4 h5 (17... O-O $2 18. h5 $18) 18.
Qe2 (18. Qg3 $144 $5 O-O {and Black eventually equalizes:} 19. Bxe6 Be4 $1 $13
{0-1 Groszpeter,A-Gyorkos,L/Zalakaros 1994/TD (53)}) 18... O-O 19. Rhf1 {
[%cal Gg2g4]} Bb4 $132 {1-0 Almasi,Z-Miroshnichenko,E/Ohrid 2001/CBM 84/
[Gofshtein,L] (23)}) 17... Bb6 $146 ({In the preceding game Black has moved
his bishop to b4:} 17... Bb4 18. Qxa5 (18. Qe2 $5) 18... Bxa5 19. h5 gxh5 20.
Rxh5 Bxg2 21. Bb5+ Bc6 22. Be2 Be4 23. Rd4 Rxc2+ 24. Kd1 Rxe2 (24... Bg6 25.
Bb5+ Kf8 26. Rd7 $44) 25. Kxe2 $13 {1-0 Ganguly,S-Tyomkin,D/Edmonton CAN 2005/
The Week in Chess 558 (42)}) (17... O-O $2 18. Bh6 {[%cal Oh6f8,Gh4h5]} Rfe8
19. h5 $40) 18. Qe2 (18. Qxa5 {- leads to the 17...Bb4 18.Qxa5 line.}) (18. Qg3
O-O 19. Bb3 Rfd8 20. h5 Bf2 $11) 18... O-O 19. Bh6 {White attacks Black's
kingside rook, hoping to carry out the h4-h5 advance.} (19. h5 $4 Qxg5+ $19) ({
An immediate attempt to start the attack on Black's king.} 19. Bd2 Qa4 $1 20.
h5 $2 {is refuted by} Be4 $1 $17) 19... Bxg2 $1 {opening the "c" file for the
rook. Other moves don't promise Black good prospects:} (19... Rfd8 20. Qxe6 $1
$18) (19... Rfe8 20. h5 $40) 20. Bxf8 ({Worse is} 20. Qxg2 Rxc4 21. Bxf8 Qxa2
$1 {[%cal Gb6e3]} 22. Qf3 Qa1+ 23. Kd2 Qxb2 24. Bh6 Rxc2+ 25. Ke1 Rc5 $1 $19 {
[%cal Gc5e5,Yc5f5]}) ({Worth a consideration:} 20. Rh2 $5 Rxc4 (20... Bd5 21.
Bxd5 exd5 22. Bxf8 Qxa2 23. c3 $14) 21. Qxc4 (21. Bxf8 Qxa2 22. Rxg2 Kxf8 $15)
21... Bd5 22. Qd3 Rc8 (22... Rd8 23. a3 Bc6 24. Qf1 Rxd1+ 25. Qxd1 Qe5 26. Qd2
$14) 23. a3 Qa4 $13) 20... Bxh1 21. Bxe6 {forcing a draw.} ({Interesting is} 
21. Bh6 $5 Bd5 (21... Qh5 22. Qxh5 gxh5 23. Be2 Be4 24. c3 $14) (21... Qa4 22.
Bxe6 Re8 23. Qg4 Qxg4 24. Bxg4 $14) 22. Bxd5 exd5 23. Kb1 $13) 21... Rxf8 (
21... Re8 $2 {is met by} 22. Be7 $18) 22. Bxf7+ $1 Rxf7 (22... Kh8 23. Rxh1 $16
) (22... Kxf7 $4 23. Qe7+ Kg8 24. Qg7#) 23. Qe8+ Rf8 24. Qe6+ Rf7 (24... Kh8 {
leads to a draw as well:} 25. Qe7 Be3+ 26. Kb1 Bh6 27. Rd7 Rf7 $1 28. Qe8+ (28.
Rd8+ Qxd8 29. Qxd8+ Bf8 $15) 28... Rf8 29. Qe7 $11) 25. Qe8+ Rf8 26. Qe6+ Rf7
27. Qe8+ Rf8 1/2-1/2

[Event "ARG-World"]
[Site "Buenos Aires"]
[Date "1994.??.??"]
[Round "3"]
[White "Leko, Peter"]
[Black "Scarella, Enrique Alejandro"]
[Result "1-0"]
[WhiteElo "2545"]
[BlackElo "2405"]
[Annotator "Ernst,T"]
[PlyCount "55"]
[EventDate "1994.04.??"]
[EventType "schev"]
[EventRounds "10"]
[EventCountry "ARG"]
[SourceTitle "CBM 042"]
[Source "ChessBase"]
[SourceDate "1994.10.01"]
[SourceVersion "1"]
[SourceVersionDate "1994.10.01"]
[SourceQuality "1"]

1. e4 c5 2. Nf3 d6 3. d4 cxd4 4. Nxd4 Nf6 5. Nc3 Nc6 6. Bg5 Bd7 7. Qd2 Nxd4 8.
Qxd4 Qa5 9. f4 e5 10. Qd2 (10. Qd3 Be7 11. O-O-O Bc6 12. Kb1 exf4 13. Bxf4 O-O
{Liberzon-Stein/URS-ch/1969/} 14. Nd5 $1 $14) 10... Be7 11. O-O-O Bc6 12. Kb1
exf4 (12... Qc7 13. Nb5 $1 $16) 13. Bxf4 O-O $2 14. Nd5 $1 $18 Bd8 15. Nxf6+
gxf6 16. Qe3 Qh5 17. Bd3 Bb6 18. Qg3+ Kh8 19. Bxd6 Rg8 20. Qf4 Qg5 21. Qxg5
Rxg5 22. g3 Re8 23. Rhe1 Rg4 24. e5 fxe5 25. Bxe5+ Kg8 26. Bf4 $1 Rxe1 27. Rxe1
h5 28. Bf5 1-0

[Event "ESP-chT CECLUB Honor"]
[Site "Leon"]
[Date "2012.11.11"]
[Round "7.4"]
[White "Fier, Alexandr"]
[Black "Torrecillas Martinez, Antonio"]
[Result "1-0"]
[WhiteElo "2567"]
[BlackElo "2406"]
[Annotator "Fier,A"]
[PlyCount "75"]
[EventDate "2012.11.05"]
[EventType "team-tourn"]
[EventRounds "7"]
[EventCountry "ESP"]
[SourceTitle "CBM 152"]
[Source "ChessBase"]
[SourceDate "2013.01.15"]
[SourceVersion "1"]
[SourceVersionDate "2013.01.15"]
[SourceQuality "1"]
[WhiteTeam "Equigoma"]
[BlackTeam "Foment Martinenc"]
[WhiteTeamCountry "ESP"]
[BlackTeamCountry "ESP"]

1. e4 c5 2. Nf3 d6 3. d4 cxd4 4. Nxd4 Nf6 5. Nc3 Nc6 6. Bg5 Bd7 {A surprise, I
was expecting 6...e6 and 7...Be7.} 7. Qd2 Rc8 8. Be2 {So I quickly went to a
less played variation, just to bring the pieces into the game.} (8. O-O-O Nxd4
9. Qxd4 Qa5 {is the main line with some long strange moves.}) 8... Nxd4 9. Qxd4
Qa5 10. Bd2 {Basically White's idea is to castle short and try some quick play
on the queenside... the position has something of the Dragon about it if Black
plays g6...} a6 (10... Qc5 {is not advisable since after} 11. Qxc5 Rxc5 12. Be3
$1 {Black's rook is going to an akward position.}) 11. O-O Qc5 12. Qd3 g6 13.
Be3 Qc7 {Here I spent a lot of time trying to make work any idea with Bd4 and
Nd5 or something quick to make Black worry about something before he can
castle... After all I discovered one not so forcing plan, but which was a bit
annoying to meet.} 14. a4 $5 (14. Bd4 Bg7 15. Nd5 {was one of the ideas that
didn't work} Qxc2 16. Qf3 Bg4 $1 {and everything is defended somehow!} 17.
Nxf6+ Bxf6 18. Qxg4 Bxd4 $17) 14... Bg7 15. a5 {The main idea is to play Nd5
at some point and expand with c4 b4 c5... Of course the g7-bishop makes my
life harder, but still is not easy to find a good plan to play for Black.} Be6
16. Rfc1 O-O 17. Nd5 Bxd5 (17... Nxd5 {was what I was expecting but it's hard
to evaluate which piece can be more useful for Black} 18. exd5 Bf5 19. Qa3 {
and probably Black has to play ...e6 at some point to get some counterplay.})
18. exd5 Nd7 19. c3 Ne5 20. Qe4 f5 $6 {A committal move since Black has no
attack on the kingside and the weaknesses created by this move are going to be
clear few moves later.} (20... Nc4 {was the normal continuation and after} 21.
Bxc4 Qxc4 22. Ra4 (22. Qxe7 Qxd5 {should be ok for Black}) 22... Qxe4 23. Rxe4
Rfe8 (23... Rc7 {is worse since the rook goes to a passive position after} 24.
Bb6 Rd7 25. Rce1 Re8 26. f4 $16) 24. Rd1 {White has a small but solid
advantage... the basic plan is still to push the queenside pawns and try to
control any e6 break.}) 21. Qb4 h6 {Trying to continue with the attack plan,
but now some pieces are going to lack space...} 22. f4 Ng4 (22... Nd7 23. Re1
Nc5 24. Rad1 {followed by Bf3 gives White a plus.}) 23. Bb6 Qd7 24. Bd1 $5 {
A move which is hard to see; maybe not the best one, but it gives Black hard
practical problems to solve...} Qe8 (24... Qb5 {was the best but the white
pawns on the queenside start to march} 25. Qxb5 axb5 26. Be2 b4 27. cxb4 Bxb2
28. Rxc8 Rxc8 29. Rd1 $16 {[%cal Gb4b5,Ga5a6]}) 25. Ba4 Qf7 26. Bd7 Qxd5 27.
Re1 $1 {Centralising the pieces before taking any material! the bishop on d7
does its job efficiently.} Rc4 (27... e5 28. Rad1 Qf7 29. Qxd6 Rce8 30. Bxe8 {
finally taking the rook with a winning position} Rxe8 31. h3 $18) 28. Qb3 (28.
Be6+ $2 Qxe6 29. Rxe6 Rxb4 30. cxb4 Kf7 {was not clear at all}) (28. Qxc4 $6
Qxc4 29. Be6+ Qxe6 30. Rxe6 Kf7 {is better for White but with the move played
in the game the rooks are already entering Black's position.}) 28... e5 29. Ra4
$1 (29. Rad1 {was my first idea, but after} Qf7 30. Rxd6 Kh7 31. Be6 Qe7 {
I thought it was not soo clear for White and after analysing the other
possibility I went for a more precise move} 32. Bxc4 Qxd6 33. h3 Nf6 (33...
exf4 34. hxg4 f3 35. Bf2 fxg4 36. g3) 34. fxe5 Qe7 35. e6) 29... Nf6 30. Qxc4
Qxc4 31. Rxc4 Nxd7 32. Rc7 {And with the rook on the 7th the game is over.} Rf7
33. Rxb7 exf4 34. Re8+ Bf8 35. Ra8 Nxb6 36. Rxf8+ {A small finesse, 36.Rxf7 is
winning too.} Rxf8 37. axb6 Re8 38. Rc7 1-0

[Event "Moscow Aeroflot op-A"]
[Site "Moscow"]
[Date "2003.02.17"]
[Round "7"]
[White "Bologan, Viktor"]
[Black "Milov, Vadim"]
[Result "1-0"]
[WhiteElo "2630"]
[BlackElo "2592"]
[Annotator "Gofshtein,L"]
[PlyCount "115"]
[EventDate "2003.02.10"]
[EventType "swiss"]
[EventRounds "9"]
[EventCountry "RUS"]
[SourceTitle "CBM 094"]
[Source "ChessBase"]
[SourceDate "2003.05.26"]
[SourceVersion "1"]
[SourceVersionDate "2003.05.26"]
[SourceQuality "1"]

{[%mdl 4]} 1. e4 c5 2. Nf3 Nc6 3. d4 cxd4 4. Nxd4 Nf6 5. Nc3 d6 6. Bg5 Bd7 7.
Qd2 Rc8 8. Nb3 h6 9. Bxf6 gxf6 10. Bd3 $1 $146 (10. f4 f5 11. exf5 Bxf5 12. Nd5
Bg7 13. c3 Be4 14. Ne3 a5 15. Bd3 Bxd3 16. Qxd3 a4 17. Nd2 e6 18. O-O O-O 19.
Rad1 d5 20. Nf3 Qb6 21. Rf2 a3 $1 $36 {Bologan -Smirin,Manila 1991}) 10... Bg7
11. O-O h5 12. Kh1 h4 13. h3 a6 {Black can't get rid of white's pressure in 13.
..Ne5 as well;} (13... Ne5 14. f4 Nxd3 15. Qxd3 f5 16. exf5 Bxc3 17. bxc3 Rg8
18. Nd4 Qc7 19. Rf3 Bc6 20. Nxc6 Qxc6 21. Re1 $40) 14. Nd5 {[%cal Rd5e3,Re3f5]
transferring the N to e3;} e6 (14... f5 15. exf5 Bxb2 16. Rae1 Kf8 17. c3 Ba3
18. Nd4 Ne5 19. f4 $16) 15. Ne3 Qc7 16. f4 Ne7 17. Qe2 $6 (17. f5 $5 Bh6 18.
Qe1 Bg5 19. Ng4 e5 20. Nd2 $36) 17... Ng6 18. Ng4 Kf8 19. c3 $6 (19. f5 $5 exf5
20. exf5 Ne5 21. Nxe5 dxe5 22. Nd2 $16) 19... d5 {An attempt to release;} 20.
f5 $1 Nf4 21. Rxf4 $1 {[%mdl 512] This sacrifice of exchange gives white an
initiative;} Qxf4 22. Rf1 Qg5 $6 {Black queen is placed badly, and that's the
reason of forthcoming troubles;} (22... Qd6 $5 23. e5 $1 fxe5 24. f6 Bh6 25.
Nxe5 Bg5 26. Nd4 Rc7 27. Bg6 Be8 28. Bd3 $13) 23. Nd4 exf5 $2 {Decisive
mistake;} (23... Re8 24. Qd1 dxe4 25. Bxe4 Bc8 26. Qd3 $13) 24. exf5 Re8 25.
Qd1 {Black is paralysed now!} Kg8 26. Bc2 Bc6 27. b4 {Intending a2-a4
following by a4-a5;} Re7 28. a4 Kh7 29. b5 axb5 30. axb5 Be8 31. Bb3 Rc7 32.
Bxd5 Rxc3 33. Bxb7 $5 {White tries to decide the game by advancing b-passer;} (
33. Nf3 $5 Qxf5 34. Qd4 Kg8 35. Bxf7+ Bxf7 36. Qxc3 Qxb5 37. Nd2 $36) 33... Rc5
34. Qb1 Rc4 35. Nf3 Qh5 (35... Qf4 36. Nfe5 Rb4 37. Qe1 Qd4 38. Qxh4+ Kg8 39.
Nxf6+ Bxf6 40. Qxf6 Rxb5 41. Qg5+ Kf8 42. f6 Rh7 43. Re1 Rxb7 44. Ng4 {[%cal
Yg5g8]} Qb4 45. Nh6 Qxe1+ 46. Kh2 Qe5+ 47. Qxe5 Rxh6 48. Qc5+ Kg8 49. Qc8 Rxf6
50. Qxb7 $18) 36. b6 Bc6 37. Bxc6 Rxc6 38. Qb5 {38.Qd1 leads to immediate win;}
(38. Qd1 $1 Rxb6 39. Nd2 $18) 38... Rd6 39. Qc5 Rdd8 40. b7 Rb8 41. Rb1 Rhd8
42. Qb5 $6 (42. Rb5 $1 Rd7 43. Qc6 Rdd8 44. Nxf6+ Bxf6 45. Qxf6 $18) 42... Kh8
43. Nf2 $6 (43. Re1 $1 Qh7 44. Nd4) 43... Bf8 44. Ng4 Bg7 45. Rc1 Qh7 46. Kg1
Qg8 47. Rc7 Qf8 48. Qc4 Rd1+ 49. Kf2 Qd6 50. Ne3 $1 {[%cal Rc4h4,Re3d1]
Entering the queen to attack;} Qg3+ 51. Ke2 Rb1 52. Rc8+ Kh7 53. Qxf7 Rb2+ 54.
Kd1 Qd6+ 55. Kc1 Rxg2 56. Nxg2 Qa3+ 57. Kc2 Qa4+ 58. Kd2 $18 1-0